Capitales qui commencent par T - Statistiques

Statistiques générales
  • Ce quiz a été pris 422 fois
    388 depuis la dernière actualisation
  • Le résultat moyen est 7 sur 12
Statistiques - réponses
Capitales % Correct
Tunis
73%
Tallinn
70%
Téhéran
69%
Tirana
68%
Tokyo
68%
Taipei
67%
Tegucigalpa
66%
Tachkent
63%
Tripoli
60%
Tbilissi
54%
Tarawa
33%
Thimphou
33%
Aucun quiz correspondant
Distribution des résultats
% des personnes avec chaque résultat
Percentile par nombre de réponses
Votre historique - résultats
Vous n’avez pas pris ce quiz depuis la dernière actualisation